书目信息 |
| 题名: |
OS/22.1工作台SHELL编程指南
|
|
| 作者: | 美stefano Maruzzi | |
| 分册: | ||
| 出版信息: | 电子工业出版社 1995. 6 |
|
| 页数: | 580页 | |
| 开本: | 16开 | |
| 丛书名: | ||
| 单 册: | ||
| 中图分类: | TP313 | |
| 科图分类: | ||
| 主题词: | 软件 | |
| 电子资源: | ||
| ISBN: | ||
| 000 | 00560nam0 2200193 45 | |
| 001 | 0308271036 | |
| 005 | 20030827105626.3 | |
| 010 | @dRMB68.00 | |
| 100 | @a20030827d1995 km y0chiy0120 ea | |
| 101 | @achi | |
| 105 | @a z 000yy | |
| 200 | 1 | @aOS/22.1工作台SHELL编程指南@AOS/22.1 gong zuo tai SHELL bian cheng zhi nan@f[美]stefano Maruzzi@F[mei]stefano Maruzzi |
| 210 | @c电子工业出版社@d1995. 6 | |
| 215 | @a580页@c无图表@d16开 | |
| 606 | 0 | @a软件 |
| 690 | @aTP313@v3 | |
| 701 | 0 | @a美stefano Maruzzi |
| 801 | @aCN@b@c20030827 | |
| 905 | @aBZT@dTP313@e106 | |
| OS/22.1工作台SHELL编程指南/[美]stefano Maruzzi.-电子工业出版社,1995. 6 |
| 580页:无图表;16开 |
| ISBN :RMB68.00 |
| ● |
| 相关链接 |
|
|
|
正题名:OS/22.1工作台SHELL编程指南
索取号:TP313/106
 
预约/预借
| 序号 | 登录号 | 条形码 | 馆藏地/架位号 | 状态 | 备注 |
| 1 | 87189 | 200048484 | 中心书库中库/ 中库027架B面6列3层12/ [索取号:TP313/106] | 在馆 |